| 000 | 00346pab a2200145 454500 | ||
|---|---|---|---|
| 008 | 180718b1986 xxu||||| |||| 00| 0 eng d | ||
| 100 | _aPronk, Jan | ||
| 245 | _aCase for a world public sector | ||
| 260 | _c1986 | ||
| 300 | _a12-16 | ||
| 362 | _a26 July | ||
| 650 | _aInternational Economic Relations | ||
| 773 | _aMainstream | ||
| 909 | _a11250 | ||
| 999 |
_c11250 _d11250 |
||